[Event "Oberfranken-ch"]
[Site "Kronach"]
[Date "2023.11.05"]
[Round "7"]
[White "Demchenko, Yaroslav"]
[Black "Sesselmann, Christoph"]
[Result "1-0"]
[WhiteElo "1773"]
[BlackElo "1976"]
[PlyCount "105"]
[EventDate "2023.11.02"]
[EventType "swiss"]
[EventRounds "7"]
[EventCountry "GER"]
[SourceTitle "CB46_2023"]
[SourceDate "2023.11.15"]
[SourceVersion "1"]
[SourceVersionDate "2023.11.15"]
[SourceQuality "1"]

1. e4 c5 2. Nf3 e6 3. Nc3 a6 4. d4 cxd4 5. Nxd4 Qc7 6. g3 Nc6 7. Bg2 Nf6 8. 0-0 Nxd4 9. Qxd4 Bc5 10. Bf4 d6 11. Qd2 h6 12. Na4 e5 13. b4 Ba7 14. Be3 Bxe3 15. Qxe3 Be6 16. Nb6 Rd8 17. h3 d5 18. exd5 Nxd5 19. Nxd5 Bxd5 20. Rfd1 Bxg2 21. Rxd8+ Kxd8 22. Kxg2 Re8 23. Rd1+ Ke7 24. Rd5 Kf8 25. Qd3 Kg8 26. c4 e4 27. Qd4 Qe7 28. c5 Qe6 29. g4 Qg6 30. Rd8 Qe6 31. Rd5 Qg6 32. Rf5 Qe6 33. Qd5 Qe7 34. Qd4 e3 35. fxe3 Qxe3 36. Qxe3 Rxe3 37. Rd5 Re2+ 38. Kf3 Rxa2 39. Rd7 a5 40. Rxb7 axb4 41. Rxb4 Rc2 42. Rb8+ Kh7 43. Rb5 Rc3+ 44. Ke4 Rxh3 45. c6 Rc3 46. Kd5 Kg6 47. Kd6 Kf6 48. Rf5+ Kg6 49. c7 Rxc7 50. Kxc7 h5 51. Rxh5 Kf6 52. Kd6 g6 53. Ra5 1-0

[Event "Oberfranken-ch"]
[Site "Kronach"]
[Date "2023.11.03"]
[Round "4"]
[White "Koch, Christian1"]
[Black "Demchenko, Yaroslav"]
[Result "0-1"]
[WhiteElo "1989"]
[BlackElo "1773"]
[PlyCount "52"]
[EventDate "2023.11.02"]
[EventType "swiss"]
[EventRounds "7"]
[EventCountry "GER"]
[SourceTitle "CB46_2023"]
[SourceDate "2023.11.15"]
[SourceVersion "1"]
[SourceVersionDate "2023.11.15"]
[SourceQuality "1"]

1. e4 c5 2. f4 Nc6 3. Nf3 g6 4. Nc3 Bg7 5. Bc4 d6 6. d3 e6 7. Be3 Nd4 8. Bxd4 cxd4 9. Nb5 d5 10. exd5 exd5 11. Bxd5 Qa5+ 12. Kf2 Qxb5 13. Qe2+ Ne7 14. Rhe1 Bf6 15. Bc4 Qf5 16. Qe4 0-0 17. Nxd4 Qc5 18. Kf1 Bf5 19. Nxf5 Nxf5 20. Qxb7 Ne3+ 21. Rxe3 Qxe3 22. Bxf7+ Kh8 23. g3 Bd4 24. Kg2 Rab8 25. Qc7 Rxb2 26. Rf1 Qe2+ 0-1

[Event "Oberfranken-ch"]
[Site "Kronach"]
[Date "2023.11.02"]
[Round "1"]
[White "Jones, Rashad"]
[Black "Demchenko, Yaroslav"]
[Result "0-1"]
[WhiteElo "817"]
[BlackElo "1773"]
[PlyCount "64"]
[EventDate "2023.11.02"]
[EventType "swiss"]
[EventRounds "7"]
[EventCountry "GER"]
[SourceTitle "CB46_2023"]
[SourceDate "2023.11.15"]
[SourceVersion "1"]
[SourceVersionDate "2023.11.15"]
[SourceQuality "1"]

1. e4 c5 2. Nc3 Nc6 3. Nf3 g6 4. Bc4 Bg7 5. 0-0 e6 6. d3 Nge7 7. Bg5 h6 8. Be3 d5 9. Bxc5 dxc4 10. Bxe7 Qxe7 11. dxc4 0-0 12. Re1 Rd8 13. Nd5 exd5 14. exd5 Qf6 15. c3 Bg4 16. Re3 Ne5 17. Qe2 Nxf3+ 18. gxf3 Bh3 19. f4 Bd7 20. Qf3 Re8 21. Rxe8+ Rxe8 22. Rd1 g5 23. Kf1 Qxf4 24. Qxf4 Bh3+ 25. Kg1 gxf4 26. a3 f3 27. a4 Bf6 28. a5 Bh4 29. Rf1 Re2 30. a6 Bxf2+ 31. Rxf2 Re1+ 32. Rf1 Rxf1# 0-1

[Event "Malakhatko Memorial op"]
[Site "Chess.com INT"]
[Date "2023.06.14"]
[Round "2"]
[White "Demchenko, Yaroslav"]
[Black "Tulchynskyi, Feliks"]
[Result "1-0"]
[WhiteElo "1821"]
[BlackElo "2246"]
[PlyCount "73"]
[EventDate "2023.06.14"]
[EventType "swiss (blitz)"]
[EventRounds "11"]
[EventCountry "USA"]
[SourceTitle "CBM 214 Extra"]
[Source "ChessBase"]
[SourceDate "2023.07.31"]
[SourceVersion "1"]
[SourceVersionDate "2023.07.31"]
[SourceQuality "1"]

1. e4 c5 2. Nf3 e6 3. d4 cxd4 4. Nxd4 Nc6 5. Nc3 Qc7 6. g3 a6 7. Bg2 Nf6 8. 0-0 Be7 9. Re1 d6 10. Nxc6 bxc6 11. e5 dxe5 12. Rxe5 0-0 13. Bf4 Bd6 14. Rxe6 Bxe6 15. Bxd6 Qb6 16. Bxf8 Qxb2 17. Na4 Qb5 18. c4 Bxc4 19. Ba3 Nd5 20. Bxd5 cxd5 21. Rb1 Qa5 22. Nb6 Re8 23. Nxc4 dxc4 24. Qf3 h6 25. Rc1 Qa4 26. Qc3 Rc8 27. Bb2 f6 28. a3 Kh8 29. Qb4 Qc6 30. Bc3 Qd5 31. Qe7 Qg5 32. Rd1 Kh7 33. Qe4+ Kh8 34. Qe6 Qc5 35. Bxf6 Rg8 36. Bd4 Qb5 37. Qxh6# 1-0

[Event "GER-ch U16"]
[Site "Willingen"]
[Date "2023.06.03"]
[Round "9"]
[White "Peglau, Charis"]
[Black "Demchenko, Yaroslav"]
[Result "1/2-1/2"]
[WhiteElo "2114"]
[BlackElo "1814"]
[PlyCount "88"]
[EventDate "2023.05.27"]
[EventType "swiss"]
[EventRounds "9"]
[EventCountry "GER"]
[SourceTitle "CBM 214 Extra"]
[Source "ChessBase"]
[SourceDate "2023.07.31"]
[SourceVersion "1"]
[SourceVersionDate "2023.07.31"]
[SourceQuality "1"]

1. b3 g6 2. Bb2 Nf6 3. e3 Bg7 4. Nf3 0-0 5. Be2 d6 6. 0-0 c5 7. c4 e5 8. d4 cxd4 9. exd4 e4 10. Nfd2 d5 11. cxd5 Qxd5 12. Nc3 Qxd4 13. Nb5 Qd8 14. Rc1 e3 15. Bxf6 exf2+ 16. Kh1 Bxf6 17. Nc7 Bg5 18. Nxa8 Bxd2 19. Rc2 Be3 20. Nc7 Bf5 21. Rc4 Qg5 22. Nd5 Rd8 23. h4 Rxd5 24. hxg5 Rxd1 25. Rxd1 Nc6 26. g4 b5 27. gxf5 bxc4 28. Bxc4 gxf5 29. Kg2 Ne5 30. Rd8+ Kg7 31. Re8 Bd4 32. a4 f4 33. Bb5 Kg6 34. Rd8 Be3 35. Rg8+ Kf5 36. Rg7 f3+ 37. Kg3 Bf4+ 38. Kxf2 Kg4 39. Rxh7 Bxg5 40. Rh1 Kf4 41. Rg1 Bh4+ 42. Kf1 Bg3 43. Rh1 a5 44. Rh7 Ke4 1/2-1/2

[Event "GER-ch U16"]
[Site "Willingen"]
[Date "2023.06.02"]
[Round "8"]
[White "Demchenko, Yaroslav"]
[Black "Mueller, Maximilian3333"]
[Result "0-1"]
[WhiteElo "1814"]
[BlackElo "1908"]
[PlyCount "90"]
[EventDate "2023.05.27"]
[EventType "swiss"]
[EventRounds "9"]
[EventCountry "GER"]
[SourceTitle "CBM 214 Extra"]
[Source "ChessBase"]
[SourceDate "2023.07.31"]
[SourceVersion "1"]
[SourceVersionDate "2023.07.31"]
[SourceQuality "1"]

1. e4 e6 2. d4 b6 3. Nf3 Bb7 4. Bd3 c5 5. c4 cxd4 6. Nxd4 Nc6 7. Nf3 Nf6 8. 0-0 Be7 9. e5 Ng4 10. Qe2 Qc7 11. Bf4 d6 12. exd6 Bxd6 13. Bxd6 Qxd6 14. g3 0-0-0 15. Bc2 Nge5 16. Be4 f5 17. Nxe5 Qxe5 18. Bf3 Qd6 19. Na3 Kb8 20. Rad1 Nd4 21. Rxd4 Qxd4 22. Bxb7 Kxb7 23. Qxe6 Qd7 24. Qe3 Qd3 25. Qe5 g6 26. Nb5 Qd7 27. a4 Rhe8 28. Qf6 Re6 29. Qg5 Qe7 30. Qf4 Re1 31. Qf3+ Qe4 32. Qxe4+ Rxe4 33. Rc1 Rd2 34. c5 bxc5 35. Rxc5 Ree2 36. Rc7+ Kb6 37. Rxa7 Rxf2 38. Rxh7 Rxb2 39. Nd6 Kc6 40. Nc4 Rg2+ 41. Kh1 Ra2 42. Ne5+ Kd6 43. Nc4+ Ke6 44. Rg7 Rgc2 45. Rxg6+ Ke7 0-1

[Event "GER-ch U16"]
[Site "Willingen"]
[Date "2023.05.28"]
[Round "1"]
[White "Demchenko, Yaroslav"]
[Black "Honisch, Alexander"]
[Result "0-1"]
[WhiteElo "1814"]
[BlackElo "2057"]
[PlyCount "104"]
[EventDate "2023.05.27"]
[EventType "swiss"]
[EventRounds "9"]
[EventCountry "GER"]
[SourceTitle "CBM 214 Extra"]
[Source "ChessBase"]
[SourceDate "2023.07.31"]
[SourceVersion "1"]
[SourceVersionDate "2023.07.31"]
[SourceQuality "1"]

1. e4 e5 2. Nf3 Nc6 3. Bc4 Bc5 4. c3 Nf6 5. d4 exd4 6. e5 d5 7. Be2 Ne4 8. cxd4 Bb6 9. 0-0 0-0 10. Nc3 Be6 11. Be3 Nxc3 12. bxc3 f6 13. exf6 Qxf6 14. a4 Rae8 15. Bb5 Bg4 16. Bxc6 bxc6 17. a5 Qg6 18. Nh4 Qh5 19. Qa4 Qxh4 20. axb6 Be2 21. Qxc6 Bxf1 22. Qxd5+ Kh8 23. g3 Qf6 24. bxa7 Ba6 25. Rb1 Bd3 26. Ra1 Ba6 27. Rb1 c6 28. Qc5 Bd3 29. Ra1 Rxe3 30. Qxf8+ Qxf8 31. a8Q Re8 32. Qxc6 Re2 33. f3 Re8 34. Qb7 Rd8 35. Qc7 Rc8 36. Qb7 h6 37. Re1 Rb8 38. Qc7 Rc8 39. Qd7 Bg6 40. Re3 Rb8 41. Qe6 Re8 42. Qxg6 Rxe3 43. f4 Rxc3 44. Kg2 Qa8+ 45. Kh3 Qc8+ 46. f5 Rc6 47. Qh5 Rf6 48. g4 Qc3+ 49. Kh4 Qxd4 50. Qe8+ Kh7 51. Kh5 Qf4 52. h4 Rxf5+ 0-1

[Event "Kiev Spring op"]
[Site "Kiev"]
[Date "2021.07.17"]
[Round "9"]
[White "Gavrish, Leonid"]
[Black "Demchenko, Yaroslav"]
[Result "0-1"]
[WhiteElo "2025"]
[BlackElo "1698"]
[PlyCount "74"]
[EventDate "2021.07.10"]
[EventType "swiss"]
[EventRounds "9"]
[EventCountry "UKR"]
[SourceTitle "EXT 2024"]
[Source "ChessBase"]
[SourceDate "2023.10.10"]
[SourceVersion "1"]
[SourceVersionDate "2023.10.10"]
[SourceQuality "1"]

1. d4 Nf6 2. c4 g6 3. Nc3 Bg7 4. e4 d6 5. Nf3 0-0 6. Be2 e5 7. 0-0 exd4 8. Nxd4 Re8 9. f3 Nc6 10. Be3 Nh5 11. f4 Nf6 12. Bf3 Ng4 13. Bxg4 Bxg4 14. Nxc6 Qd7 15. Qd3 Qxc6 16. Bd4 f6 17. Nd5 Be6 18. Rac1 Bxd5 19. cxd5 Qd7 20. Rfe1 Re7 21. Rc4 Rae8 22. h3 f5 23. Bxg7 fxe4 24. Qd4 Rxg7 25. Qxa7 Rge7 26. Qxb7 e3 27. Re2 Qf5 28. Qb5 Rf8 29. a4 Qb1+ 30. Kh2 Qf1 31. Rcc2 Qxf4+ 32. g3 Qf1 33. b4 Ref7 34. Rg2 Qb1 35. Rce2 Rf1 36. g4 Rh1+ 37. Kg3 Qe4 0-1

[Event "Kiev Spring op"]
[Site "Kiev"]
[Date "2021.07.13"]
[Round "5"]
[White "Podolskyi, Mykhailo"]
[Black "Demchenko, Yaroslav"]
[Result "1/2-1/2"]
[WhiteElo "2007"]
[BlackElo "1698"]
[PlyCount "96"]
[EventDate "2021.07.10"]
[EventType "swiss"]
[EventRounds "9"]
[EventCountry "UKR"]
[SourceTitle "EXT 2024"]
[Source "ChessBase"]
[SourceDate "2023.10.10"]
[SourceVersion "1"]
[SourceVersionDate "2023.10.10"]
[SourceQuality "1"]

1. d4 Nf6 2. c4 g6 3. Nc3 Bg7 4. e4 d6 5. f3 0-0 6. Nge2 c5 7. Be3 cxd4 8. Nxd4 Nc6 9. Be2 Nxd4 10. Bxd4 Be6 11. 0-0 Qa5 12. b4 Qxb4 13. Rb1 Qa5 14. Rxb7 Rfc8 15. Nd5 Bxd5 16. cxd5 Kf8 17. a4 Rcb8 18. Rb5 Rxb5 19. Bxb5 a6 20. Bc6 Rb8 21. Qe1 Qxe1 22. Rxe1 Bh6 23. e5 Ne8 24. Ba7 Rc8 25. exd6 Nxd6 26. Rb1 Kg7 27. Bd4+ f6 28. Bc5 Rc7 29. Kf2 Nc4 30. Rb7 Rxb7 31. Bxb7 a5 32. Bxe7 Be3+ 33. Ke2 Bb6 34. Bc6 Bc7 35. g3 Nd6 36. Kd3 Kf7 37. Bxd6 Bxd6 38. Bd7 Ke7 39. Be6 h5 40. Kc4 Bb4 41. Kb5 Kd6 42. Bf7 g5 43. h4 gxh4 44. gxh4 Be1 45. f4 f5 46. Bxh5 Bxh4 47. Kxa5 Kxd5 48. Kb5 Ke4 1/2-1/2

[Event "Kiev Spring op"]
[Site "Kiev"]
[Date "2021.07.12"]
[Round "4"]
[White "Demchenko, Yaroslav"]
[Black "Oyberman, Iliia"]
[Result "1-0"]
[WhiteElo "1698"]
[BlackElo "1449"]
[PlyCount "59"]
[EventDate "2021.07.10"]
[EventType "swiss"]
[EventRounds "9"]
[EventCountry "UKR"]
[SourceTitle "EXT 2024"]
[Source "ChessBase"]
[SourceDate "2023.10.10"]
[SourceVersion "1"]
[SourceVersionDate "2023.10.10"]
[SourceQuality "1"]

1. e4 c6 2. d4 d5 3. e5 Bf5 4. h4 h6 5. g4 Be4 6. f3 Bh7 7. e6 fxe6 8. Bd3 Bxd3 9. Qxd3 Qd6 10. f4 Nd7 11. Qg6+ Kd8 12. Nf3 Kc7 13. Ne5 Nxe5 14. fxe5 Qd7 15. h5 c5 16. c3 cxd4 17. cxd4 Qa4 18. Be3 Qb4+ 19. Nd2 Qxb2 20. Kf2 Rd8 21. Rhb1 Qa3 22. Rb3 Qa4 23. Nf3 Nf6 24. Qc2+ Kb8 25. Rxb7+ Kxb7 26. Rb1+ Ka8 27. Qxa4 Ne4+ 28. Kg1 Rc8 29. Qb3 Nc5 30. dxc5 1-0

[Event "Kiev Spring op"]
[Site "Kiev"]
[Date "2021.07.12"]
[Round "3"]
[White "Muha, Sergey"]
[Black "Demchenko, Yaroslav"]
[Result "1/2-1/2"]
[WhiteElo "2231"]
[BlackElo "1698"]
[PlyCount "73"]
[EventDate "2021.07.10"]
[EventType "swiss"]
[EventRounds "9"]
[EventCountry "UKR"]
[SourceTitle "EXT 2024"]
[Source "ChessBase"]
[SourceDate "2023.10.10"]
[SourceVersion "1"]
[SourceVersionDate "2023.10.10"]
[SourceQuality "1"]

1. d4 Nf6 2. c4 g6 3. Nc3 Bg7 4. e4 d6 5. Nf3 0-0 6. Be2 e5 7. 0-0 exd4 8. Nxd4 Re8 9. f3 Nc6 10. Be3 Nh5 11. Nxc6 bxc6 12. Qd2 f5 13. c5 dxc5 14. Qxd8 Rxd8 15. Bc4+ Kh8 16. Bxc5 Bd4+ 17. Bxd4+ Rxd4 18. b3 Nf4 19. Rfd1 Rxd1+ 20. Rxd1 Be6 21. Bxe6 Nxe6 22. exf5 gxf5 23. Re1 Nf4 24. g3 Ng6 25. Re6 Rd8 26. f4 Rd6 27. Re8+ Kg7 28. Ra8 Rd3 29. Na4 Ne7 30. Rxa7 Nd5 31. Nc5 Rd2 32. Ra6 Kg8 33. Kf1 Ne3+ 34. Ke1 Rc2 35. Rxc6 Ng2+ 36. Kd1 Ne3+ 37. Ke1 1/2-1/2